[Event "KEN-ch"]
[Site "Nairobi"]
[Date "2022.12.27"]
[Round "3"]
[White "Muriuki, Koome"]
[Black "Shah, Ruhan Dhruv Paresh"]
[Result "1-0"]
[WhiteElo "1558"]
[BlackElo "1249"]
[PlyCount "47"]
[EventDate "2022.12.26"]
[EventType "swiss"]
[EventRounds "9"]
[EventCountry "KEN"]
[SourceTitle "EXT 2024"]
[Source "ChessBase"]
[SourceDate "2023.10.10"]
[SourceVersion "1"]
[SourceVersionDate "2023.10.10"]
[SourceQuality "1"]

1. e4 e5 2. Nf3 Nc6 3. Bb5 d6 4. d4 Bd7 5. d5 Nb8 6. Bd3 Be7 7. Be3 Nf6 8. h3 c6 9. c4 c5 10. Nc3 h6 11. Qe2 Na6 12. 0-0 0-0 13. a3 Nc7 14. b4 b6 15. b5 Qc8 16. Nh2 a6 17. a4 a5 18. f4 exf4 19. Rxf4 g5 20. Rf2 Nh7 21. Raf1 f6 22. Qh5 Kg7 23. e5 Be8 24. exf6+ 1-0